| 000 | 00667cab a2200205 4500 | ||
|---|---|---|---|
| 001 | WB2323-08 | ||
| 008 | 090401t1987 xxu||||| |||| 00| 0 eng d | ||
| 035 | _a(Sirsi) u12854 | ||
| 041 | _aeng | ||
| 245 | _aHVCA defends ventilation systems | ||
| 260 | _c1987 | ||
| 350 | _a0 | ||
| 490 |
_aBuilding _vDesign no 839, 5/6/87 p8 |
||
| 520 | _aThe Heating and Ventilating Contractors` Association has produced a guide countering reports which link sick building syndrome to air conditioning . Notes some of the HVCA arguments. | ||
| 650 | _aBUILDING SICKNESS | ||
| 650 | _aOFFICE WORK SYNDROME | ||
| 690 | _aBUILT ENVIRONMENT | ||
| 942 | _n0 | ||
| 948 | _c04/03/1997 | ||
| 999 |
_c8245 _d8245 |
||